Estadísticas para Selecciones a las que anotó Radamel Falcao

Haz click aquí para tomar la prueba!

Estadísticas generales

  • Esta prueba ha sido tomada 17 veces
  • La puntuación promedio es 17 de 22

Estadísticas de respuestas

ConfederaciónPaísGolesÚltimo año% Correcto
ConmebolChile32013
100%
ConmebolPerú32013
100%
ConmebolVenezuela22018
100%
UEFAEspaña12017
100%
ConcacafMéxico12012
100%
UEFAFrancia12018
100%
ConmebolBolivia42013
94%
ConmebolBrasil12017
94%
ConmebolEcuador22011
94%
ConcacafEstados Unidos12018
94%
ConcacafCosta Rica12015
88%
ConcacafPanamá12019
88%
AFCJapón12019
88%
ConmebolParaguay32017
81%
ConmebolUruguay12012
81%
ConcacafEl Salvador12014
75%
CAFNigeria12008
69%
UEFAPolonia12018
69%
UEFABélgica12013
56%
AFCKuwait12015
25%
AFCBaréin22015
13%
UEFAMontenegro12007
13%

Distribución de puntuación

Porcentaje por número respondido

Porcentaje de gente con cada puntuación

Historial de tus puntuaciones

No has tomado esta prueba